000
00325nam a22001457a 4500
008
221010b ||||| |||| 00| 0 eng d
020
_a
9780155188891
041
_a
eng
080
_2
FIFTH EDITION
_a
330
082
_a
330 GW
100
_a
23.1
101
_a
MICR
245
_a
MICROECONOMICS
_c
GWARTNEY J
942
_2
udc
_c
BK
999
_c
58454
_d
58454